Estadística aplicada a la psicología y la educación / (Record no. 76560)

MARC details
000 -LEADER
campo de control de longitud fija 00706nam a2200205 i 4500
001 - NÚMERO DE CONTROL
campo de control 76560
003 - IDENTIFICADOR DE NÚMERO DE CONTROL
campo de control ES-MaACL
007 - CAMPO FIJO DE DESCRIPCIÓN FÍSICA--INFORMACIÓN GENERAL
campo de control de longitud fija t|
008 - DATOS DE LONGITUD FIJA--INFORMACIÓN GENERAL
campo de control de longitud fija 041004s1984 mx ||||1| spa d
020 ## - NÚMERO INTERNACIONAL ESTÁNDAR DEL LIBRO
Número Internacional Estándar del Libro 968-451-496-4
100 1# - ENTRADA PRINCIPAL--NOMBRE DE PERSONA
Nombre de persona Guilford, J. P.
9 (RLIN) 60702
245 10 - MENCIÓN DEL TÍTULO
Título Estadística aplicada a la psicología y la educación /
Mención de responsabilidad, etc. J. P. Guilford, Benjamín Fruchter ; traducción de la 6ª ed., Jesús María Castaño ; revisión Carlos Pereira.
260 ## - PUBLICACIÓN, DISTRIBUCIÓN, ETC.
Lugar de publicación, distribución, etc. México :
Nombre del editor, distribuidor, etc. McGraw-Hill,
Fecha de publicación, distribución, etc. 1984.
300 ## - DESCRIPCIÓN FÍSICA
Extensión 8, 497 p. ;
Dimensiones 23 cm.
500 ## - NOTA GENERAL
Nota general Indice.
700 1# - ENTRADA AGREGADA--NOMBRE PERSONAL
Nombre de persona Fruchter, Benjamin.
9 (RLIN) 52761
700 1# - ENTRADA AGREGADA--NOMBRE PERSONAL
Nombre de persona Castaño, Jesús María.
9 (RLIN) 36429
700 1# - ENTRADA AGREGADA--NOMBRE PERSONAL
Nombre de persona Pereira, Carlos.
9 (RLIN) 90467
852 ## - LOCALIZACIÓN
Ubicación ES-MaACL
Número de control de estantería L-9254
Sublocalización o colección R.111051
Holdings
Estatus retirado Estado de pérdida Estado de daño No para préstamo Biblioteca de origen Biblioteca actual Ubicación en estantería Fecha de adquisición Fuente de adquisición Total de préstamos Signatura topográfica completa Código de barras Visto por última vez Precio de reemplazo Tipo de ítem Koha
        Biblioteca del Ateneo de Madrid Biblioteca del Ateneo de Madrid Depósito 2 17/01/2008     L-9254 1080115 23/02/2023 23/02/2023 Libro impreso